Giáo trình tâm lí học quản lí

Sách cung cấp những tri thức cần thiết về yêu cầu tâm lý đối với nhà quản lý, người lãnh đạo, đặc điểm tâm lý của người sản xuất, những điều cần lưu ý khi kiến tạo những quan hệ liên nhân cách trong quá trình tổ chức lao động, vai...

Full beskrivning

Sparad:
Bibliografiska uppgifter
Huvudupphovsman: Nguyễn Đình Xuân
Materialtyp: Bok
Språk:Undetermined
Publicerad: Hà Nội Đại học Quốc gia Hà Nội 1997
Ämnen:
Taggar: Lägg till en tagg
Inga taggar, Lägg till första taggen!
Thư viện lưu trữ: Trung tâm Học liệu Trường Đại học Cần Thơ
LEADER 01012nam a2200181Ia 4500
001 CTU_27940
008 210402s9999 xx 000 0 und d
082 |a 158.2 
082 |b X502 
100 |a Nguyễn Đình Xuân 
245 0 |a Giáo trình tâm lí học quản lí 
245 0 |c Nguyễn Đình Xuân, Vũ Đức Đán 
260 |a Hà Nội 
260 |b Đại học Quốc gia Hà Nội 
260 |c 1997 
520 |a Sách cung cấp những tri thức cần thiết về yêu cầu tâm lý đối với nhà quản lý, người lãnh đạo, đặc điểm tâm lý của người sản xuất, những điều cần lưu ý khi kiến tạo những quan hệ liên nhân cách trong quá trình tổ chức lao động, vai trò quan trọng của sự giao tiếp trong hoạt động sản xuất... 
650 |a psychology, applied 
980 |a Trung tâm Học liệu Trường Đại học Cần Thơ